000 00766cam a22002771 4500
001 75111
003 BD-RjUL
005 20211209082641.0
008 770124s1977 ii a ib 000 0 eng
035 _a(BD-RjUL)
035 _a(OCoLC)2698956
040 _aDLC
_cNbU
_dUk
_dDLC
_beng
041 _aeng
082 _a621.3
100 _aChhalotra, G P
_9197027
245 1 0 _aAdvanced electrical technology,
_c[by] G P Chhalotra
260 _aDelhi:
_bKhanna,
_c1977.
300 _aiv, 272 p.
_bill. ;
_c22
504 _aIncludes bibliographical reference
650 0 _aElectrical engineering.
_9227233
906 _a7
_bcbc
_coclcrpl
_du
_encip
_f19
_gy-gencatlg
942 _2ddc
_cBK
999 _c75111
_d75111